000 01352nam2a2200277 4500
001 rc\2958873
005 20260406141033.0
035 _a(NLR Aleph) 007105740
090 _a13603964
_c13603964
100 _a20110902d1941 u y0rusy50 ca
101 0 _arus
102 _aRU
105 _ay z |||||
200 1 _aˆ(‰1682-1856)
_fСост. доц. С.С. Дмитриев и проф. М.В. Нечкина
210 _d1941
215 _a568 с.
_d23 см
225 1 _aБиблиотека учителя
461 0 _1001rc\2958871
_12001#$aХрестоматия по истории СССР ...$eПособие для учителей истории сред. школы. Т. 1-$fУтв. Наркомпросом РСФСР$vТ. 2. Ч. 1
_96716478
_cМосква
_d1937
_fУтв. Наркомпросом РСФСР
_nУчпедгиз
_oПособие для учителей истории сред. школы. Т. 1-
_tХрестоматия по истории СССР ...
_vТ. 2. Ч. 1
702 1 _aДмитриев
_bС.С.
_gСергей Сергеевич
_4340
702 1 _4340
_8rus
_7ca
_aНечкина
_bМ. В.
_f1899-1985
_gМилица Васильевна
_3RU\NLR\AUTH\773282
_9113287
801 0 _aRU
_bNLR
_gpsbo
801 1 _aRU
_bELAR
_2rusmarc
852 _aNLR
_jИр10 Г-5/7(2-1)
942 _cUNSPEC
980 _aNB